000 00518cam a22001934a 4500
005 20250605163517.0
008 250528s ||||||||||||||||||||||||d
035 _a20800
020 _a960351358
040 _aGR-AtMCL
_bgre
_dGR-AtMCL
_eAACR2
245 1 _aΕΥΡΩΠΑΙΚΗ ΟΙΚΟΝΟΜΙΚΗ ΟΛΟΚΛΗΡΩΣΗ
250 _a1
260 _bΑ.Σταμουλης,
_c1997
300 _a170
700 1 _aΘεοδωροπουλος Σωτηρης
942 _cBK
999 _c5882
_d5882